[Event "FRA-chT2 0910"]
[Site "France"]
[Date "2009.10.04"]
[Round "1.8"]
[White "Mottais, Marie"]
[Black "Pays, Natacha"]
[Result "1-0"]
[WhiteElo "1470"]
[BlackElo "1500"]
[PlyCount "63"]
[EventDate "2009.09.27"]
[EventType "team-tourn"]
[EventRounds "11"]
[EventCountry "FRA"]
[SourceTitle "EXT 2011"]
[Source "ChessBase"]
[SourceDate "2010.11.26"]
[SourceVersion "1"]
[SourceVersionDate "2010.11.26"]
[SourceQuality "1"]

1. e4 e5 2. Nf3 Nc6 3. Nc3 Bc5 4. Nxe5 Nxe5 5. d4 Bd6 6. dxe5 Bxe5 7. Bc4 d6 8. Nd5 Be6 9. Qe2 c6 10. Nf4 Bxc4 11. Qxc4 Qf6 12. Nd3 Ne7 13. h4 h6 14. f4 Bd4 15. c3 Bb6 16. Bd2 Qg6 17. 0-0-0 Qxg2 18. f5 d5 19. exd5 Qxd5 20. Qxd5 Nxd5 21. Rde1+ Kd8 22. c4 Ne7 23. f6 gxf6 24. Bc3 Re8 25. Bxf6 Bc7 26. Re4 Bd6 27. c5 Bc7 28. Rhe1 Kd7 29. Rxe7+ Rxe7 30. Rxe7+ Kd8 31. Rxf7+ Ke8 32. Rxc7 1-0